MARC

LEADER 00000nam0a2200000 4500
001 161979
005 20231031160132.0
010 |a 5120012817 
035 |a (RuTPU)RU\TPU\book\175652 
090 |a 161979 
100 |a 20090616d1990 m y0rusy50 ca 
101 0 |a rus 
102 |a UA 
105 |a a z 001zy 
200 1 |a Цифровые моделирующие автоматы  |f А. Ф. Катков 
210 |a Киев  |c Наукова думка  |d 1990 
215 |a 224 с.  |c ил. 
320 |a Библиогр.: с. 213-218. 
610 1 |a цифровые автоматы 
610 1 |a моделирование 
610 1 |a моделирующие системы 
610 1 |a процессоры 
610 1 |a дифференциальные уравнения 
675 |a 681.322  |v 3 
700 1 |a Катков  |b А. Ф.  |g Александр Федорович 
712 0 2 |a Академия наук Украинской ССР (АН УССР)  |b Институт проблем моделирования в энергетике (ИПМЭ)  |c (Киев)  |2 stltpush  |3 (RuTPU)RU\TPU\col\7445 
801 1 |a RU  |b 63413507  |c 20090616  |g PSBO 
801 2 |a RU  |b 63413507  |c 20100726  |g RCR 
942 |c BK